000 00311nam a2200109Ia 4500
008 171211s9999 xx 000 0 und d
245 _aGovernment Support to Agricultural Insurance
245 _cOlivier Mahul
260 _c2010
650 _xECONOMICS
856 _uhttp://down.ebook777.com/061/9780821382172.pdf
999 _c349623
_d349623